书目信息 |
| 题名: |
病原生物与免疫学基础
|
|
| 作者: | 赵宪 主编 | |
| 分册: | ||
| 出版信息: | 北京 高等教育出版社 2002 |
|
| 页数: | 152页 | |
| 开本: | 26cm | |
| 丛书名: | ||
| 单 册: | ||
| 中图分类: | R37-43 , R392-43 | |
| 科图分类: | ||
| 主题词: | 病原微生物--中等专业教育--教材 , 寄生虫学--中等专业教育--教材 , 免疫学--中等专业教育--教材 | |
| 电子资源: | ||
| ISBN: | 978-7-04-011710-3 | |
| 000 | 00933n|m0 2200277---450- | |
| 001 | 0102696828 | |
| 005 | 20121116170000.0 | |
| 010 | @a978-7-04-011710-3@dCNY13.60 | |
| 100 | @a20030227d2002----em-y0chiy0110----ea | |
| 101 | 0 | @achi |
| 102 | @aCN@b110000 | |
| 105 | @aa---z---000yy | |
| 135 | @adrbn ---auuuu | |
| 200 | 1 | @a病原生物与免疫学基础@9Bing Yuan Sheng Wu Yu Mian Yi Xue Ji Chu @f赵宪主编@b电子资源.图书 |
| 210 | @a北京@c高等教育出版社@d2002 | |
| 215 | @a152页@c彩图@d26cm | |
| 325 | @a电子复制品 | |
| 330 | @a本书共分十九章,分别就微生物学、人体寄生虫学、免疫学基础和实验四篇加以论述。还介绍了病原生物与免疫学密切相关的知识。 | |
| 606 | 0 | @a病原微生物@x中等专业教育@j教材 |
| 606 | 0 | @a寄生虫学@x中等专业教育@j教材 |
| 606 | 0 | @a免疫学@x中等专业教育@j教材 |
| 690 | @aR37-43@v4 | |
| 690 | @aR392-43@v4 | |
| 701 | 0 | @a赵宪@4主编@9zhao xian |
| 801 | 0 | @aCN@bAZmarc@c20230904 |
| 905 | @dR37-43@e10@f3@sR37-43/10@aBZT | |
| 病原生物与免疫学基础/赵宪主编[电子资源.图书].-北京:高等教育出版社,2002 |
| 152页:彩图;26cm |
| ISBN 978-7-04-011710-3:CNY13.60 |
| 本书共分十九章,分别就微生物学、人体寄生虫学、免疫学基础和实验四篇加以论述。还介绍了病原生物与免疫学密切相关的知识。 |
| ● |
| 相关链接 |
|
|
|
正题名:病原生物与免疫学基础
索取号:R37-43/10
 
预约/预借
| 序号 | 登录号 | 条形码 | 馆藏地/架位号 | 状态 | 备注 |
| 1 | 2000070843 | 2000070843 | 旧书回溯/ [索取号:R37-43/10] | 在馆 | |
| 2 | 2000070844 | 2000070844 | 旧书回溯/ [索取号:R37-43/10] | 在馆 | |
| 3 | 2000127183 | 2000127183 | 旧书回溯/ [索取号:R37-43/10] | 在馆 |